000 00337nam a22001217a 4500
999 _c3760
_d3760
005 20201217131150.0
008 201217b ||||| |||| 00| 0 eng d
020 _a9781592574032
040 _cCML
245 _aMusic Composition.
_cMiller M.
260 _aEnland
_bAlpha
_c1989
942 _2ddc
_cBK
_e1st Edition
_h780.7
_mMIL